| 000 | 00927nam0a22002531 4500 | ||
|---|---|---|---|
| 001 | v19\rc\1800836 | ||
| 005 | 20260405145036.0 | ||
| 035 | _a(NLR Aleph) 005253092 | ||
| 090 |
_a5824402 _c5824402 |
||
| 100 | _a20071130d1907 |||y0rusy50 ca | ||
| 101 | 0 | _arus | |
| 102 | _aRU | ||
| 105 | _ay z ||||| | ||
| 200 | 1 |
_aРаботы по сейсмологии в Германии _eДокл. кн. Б. Голицына Сейсм. комис. 23 февр. 1907 г. |
|
| 210 |
_aСанкт-Петербург _cтип. Имп. Акад. наук _d1907 |
||
| 215 |
_a[2], 10 с. _d30 |
||
| 700 | 1 |
_8rus _7ca _aГолицын _bБ. Б. _f1862-1916 _gБорис Борисович _3RU\NLR\AUTH\7760545 _943476 |
|
| 801 | 2 |
_aRU _bNLR _c20080128 _2rusmarc |
|
| 801 | 0 |
_aRU _bNLR _c20071130 _gpsbo |
|
| 801 | 0 |
_aRU _bRuMoRGB _c20071130 _2psbo |
|
| 801 | 1 |
_aRU _bProSoft-M _c20071130 _2rusmarc |
|
| 852 |
_aNLR _j18.69.1.502 |
||
| 942 | _cBOOK | ||
| 980 | _aNB | ||